00424nam a2200145Ia 4500008004100000040001900041041001200060082002500072245005600097260005000153300001200203650002200215700002300237850001800260131103s9999 xx 000 0 und d aLoreto College aEnglish a058/COUbLCLIB/24679 aDriectory of Indian women todayceditor Arpana Cour aIndiabIndia International Publicationsc1976 c 28c.m. aDriectory - India aCour, Arpana; ed. aLCLIB/058/COU